[Event "Stepanakert-A"]
[Site "Stepanakert"]
[Date "2005.10.02"]
[Round "1"]
[White "Sokolov, Ivan"]
[Black "Dreev, Aleksey"]
[Result "1/2-1/2"]
[WhiteElo "2696"]
[BlackElo "2694"]
[EventDate "2005.10.02"]
[Annotator "Babula,V"]

1. d4 d5 2. c4 c6 3. Nf3 Nf6 4. Nc3 e6 5. Bg5 Nbd7 6. e3 Qa5 7. Nd2 Bb4 8.
 Qc2 O-O 9. Be2 c5 {The principled continuation, nowadays very 
fashionable. Black starts to attack White's centre.} ( 9. ... e5 {is more 
frequent option connected with the same idea.} ) 10. Nb3 {This is the main
continuation in this variation. } 10. ... Qa4!? {Black limits White's 
possibilities by pinning his both knights.} ( 10. ... Qc7 $143 11. O-O 
dxc4 12. Bxc4 cxd4 13. Nb5 Qb8 14. N5xd4 Bd6 15. f4 h6 16. Bh4 += {-  with
complicate play  - 1/2-1/2 Ivanchuk, V-Kasparov,G/Frankfurt 1998/CBM 065 
ext (33)} ) 11. Bxf6 {White exchanges his Bg5 in respect of the threat 
Nf6-e4.} 11. ... Nxf6 12. dxc5 {The following simplifications in the 
centre are almost forced.} 12. ... dxc4 ( 12. ... Ne4 13. cxd5 exd5 14. 
Bd3 Bxc3+ 15. bxc3 Be6 16. O-O += {Kinsman Andrew P H 2400 - Prie Eric 
2480 , Paris1996 Ch Paris (open)} ) 13. Bxc4 Qc6 14. O-O Bxc5 15. Nxc5 ( {
Black has no problems in the case o} 15. Bb5 Qb6 16. Nxc5 Qxc5 17. Rac1 { 
1/2-1/2, Roiz Michael 2560 - Gurevich Mikhail 2644, Istanbul 2003 Ch 
Europe)} ) ( 15. Be2 Bd6 16. Rfd1 Bd7 17. h3 Be5 18. Rac1 Rac8 19. Bb5 
Qxb5 {1/2-1/2, Lobron Eric 2580 - Ivanchuk Vassily 2695, Munich 1994 It.)}
) 15. ... Qxc5 16. Ne4 Nxe4 17. Qxe4 {The opening is over, the position 
has stabilized. White has some edge due to his better development. But as 
the pawn structure is symmetrical and Black has no weaknesses he should 
manage to fully equalize.

The numerous exchanges have occurred, yet Black has not achieved the 
equalization. In a symmetrical position White obtains the initiative 
thanks to a better development. } 17. ... Qb6 { Black protects the b7-pawn
and prepares for the maneuver Bd7-c6, which will result in complete 
equalization of play. The question is, if White manages to timely create 
some essential weaknesses in the opponent's camp. } ( 17. ... Bd7? 18. Bd3
g6 19. Qxb7 ) 18. Bd3 {White is looking for some targets.} ( 18. Rad1 Qxb2
19. Rd4 Qa3 20. Rfd1 Qe7 21. h4 {sacrificing a pawn for an advantage in 
the development. Yet later Black succeeds to quench the opponent's 
initiative} 21. ... Qf6 22. h5 Rb8 23. h6 g6 24. Bb3 b5 25. Rd8 Rxd8 26. 
Rxd8+ Qxd8 27. Qe5 f6 28. Qxb8 Qd7 29. g4 Kf7 30. f4 Ke7 {1/2-1/2(41) Van 
Wely, Loek (2655) - Bacrot, Etienne (2729) / EU Team Ch (Men) 15th (5), 
Goteborg SWE 2005} ) ( 18. Rfd1 Qxb2 19. Rab1 Qf6 20. Ba6 Rb8 21. Bxb7 
Bxb7 22. Rxb7 Rxb7 23. Qxb7 Rd8 24. Rd4 e5 25. Rd5 h5 26. e4 h4 27. h3 {
and White obtains an edge thanks to the vulnerability of the black a7-pawn
} 27. ... g6 28. Qxa7 Rc8 29. Qe3 Rc2 30. a3 Ra2 {1/2-1/2(55) Mamedyarov, 
Shakhriyar (2646) - Gurevich, Mikhail (2669) / EU-Cup 21st (7), Saint 
Vincent ITA 2005} ) 18. ... g6 19. Qe5 {the pawn structure has modified in
White's favor but it is all the same difficult to obtain something 
feasible from this circumstance. } 19. ... Bd7 20. h4 Rac8 =, quiet 21. 
Rac1 {A novelty,} ( 21. Rad1 {1/ 2-1/2 Poluljahov,A-Smagin,S/YUG-chT2 
1995/EXT 2002 (21)} ) 21. ... f6 22. Qg3 Qxb2 23. Rxc8 Bxc8 24. h5 Rd8 25.
 Bxg6 {White goes for the perpetual check,} ( {but neither} 25. Bb1 { also
equalizes play   -  gives any advantage:} 25. ... f5 ( 25. ... Qe5 26. 
hxg6 Qxg3 27. gxh7+ Kg7 28. fxg3 f5 ) 26. hxg6 hxg6 27. Qxg6+ Qg7 =, quiet
) 25. ... hxg6 26. Qxg6+ Kf8 27. Qh6+ {Black's monarch can't escape via 
the d-file due to Rf1-d1 check.} 27. ... Kg8 28. Qg6+ 1/2-1/2

[Event "World Championship 31th-KK1"]
[Site "Moscow RUS"]
[Date "1985.01.30"]
[Round "47"]
[White "Karpov, Anatoly"]
[Black "Kasparov, Garry"]
[Result "0-1"]
[WhiteElo "2705"]
[BlackElo "2715"]
[EventDate "1984.09.10"]

1. Nf3 Nf6 2. c4 e6 3. d4 d5 4. Nc3 c6 5. Bg5 Nbd7 6. e3 Qa5 7. cxd5 {This
continuation leads to sharper play than 7.Nd2. } 7. ... Nxd5 8. Qd2 N7b6 {
As it is known, this continuation practically forces White to a pawn 
sacrifice, if White seeks an opening advantage. } 9. Nxd5 {If White avoids
risks, then he may choose this continuation but it poses no problems to 
Black. } ( {The main continuation is} 9. Bd3 ) 9. ... Qxd2+ 10. Nxd2 exd5 
{The Carlsbad endgame arises on the board. White's plan may include either
the pawn minority attack on the queenside, or activation of the central 
pawns by means of f2-f3 and e3-e4. } 11. Bd3 a5 {This is an interesting 
preventive move. The black pawn may advance further depriving the white 
knight of the b3-square or ramming the opponent's pawn structure by a4-a3.
At that, the black a8-rook may come into play from its initial position. }
12. a4?! {This rather obliging continuation concedes to Black the 
b4-square. } ( 12. O-O {seems not bad} ) ( 12. f3!? {followed by Kf2} ) 
12. ... Bb4 13. Ke2 Bg4+ 14. f3 Bh5 {Exchanging the lightsquared bishops 
is to Black's benefit in almost any possible position here. } 15. h4 ( {
According to M. Taimanov, the consolidating continuation} 15. b3 { is 
preferable,} 15. ... O-O 16. Rac1 ) 15. ... O-O 16. g4 Bg6 17. b3 {As it 
soon becomes apparent, enticing the white king to the d3-square may be 
dangerous for White. } ( 17. Bxg6 hxg6 18. b3 ) 17. ... Bxd3+ 18. Kxd3 
Rfe8 19. Rac1 c5! {though the queens are already exchanged, there are 
still too many pieces on the board and the white king's centralized 
position turns out to be very dangerous. } 20. Bf4 ( 20. dxc5 Nd7 ) ( 20. 
Rc2 ) 20. ... Rac8 21. dxc5 ( 21. Rc2 ) 21. ... Nd7 22. c6 ( 22. Bd6 b6! 
23. c6 Nc5+ ) 22. ... bxc6 =+ 23. Rhd1 Nc5+ 24. Kc2 f6!? ( 24. ... Ne6 25.
 Be5 ) 25. Nf1 Ne6 26. Bg3 Red8 27. Bf2?! ( 27. Kb2 c5 28. Ka2 ) 27. ... 
c5 28. Nd2 ( 28. e4 Ba3! 29. Ra1 Nd4+ ) ( 28. Kb2 ) 28. ... c4! 29. bxc4 
Nc5! 30. e4 ( 30. Ra1 Nd7!? {with the threats of Ne5 or Nb6.} ) 30. ... d4
31. Nb1 ( 31. Ra1 d3+ 32. Kb2 Rb8 ) 31. ... d3+ 32. Kb2 d2 0-1

[Event "Biel Interzonal"]
[Site "Biel SUI"]
[Date "1985.??.??"]
[Round "10"]
[White "Polugaevsky, Lev"]
[Black "Seirawan, Yasser"]
[Result "1-0"]
[WhiteElo "2600"]
[BlackElo "2570"]
[EventDate "1985.07.01"]

{
http://ctart.chessok.com/course/chess-opening-closed-games-1-d4-d5/queen-s-gambit/cambridge-springs-variation?page=4
} 
1. Nf3 Nf6 2. c4 e6 3. Nc3 d5 4. d4 Nbd7 5. Bg5 c6 6. e3 Qa5 7. cxd5 Nxd5 
8. Qd2 N7b6 9. Bd3 Nxc3 10. bxc3 Nd5 11. O-O Qxc3 12. Qe2 {As the practice
has shown, White obtains a steady initiative for the sacrificed pawn.} 
12. ... Be7 ( 12. ... Bd6 13. Nd2! Qa5 14. Nc4 Qc7 15. Nxd6+ ( 15. Qh5 Be7
16. f4 Nf6 {Vaganian Rafael A 2625 - Torre Eugenio 2521, Biel1985 Izt 
(cat.12) } 17. Qh4! ) 15. ... Qxd6 16. Bh4 O-O 17. Bg3 Qd7 18. Rac1 b6 19.
 Bb1 Bb7 20. Qd3 g6 21. Rfd1 Rad8 22. Qe2 {Gligoric Svetozar 2495 - 
Shengelia Davit 2310, Panormo 1998 Zt with White's initiative in both case
} ) 13. Bxe7 Nxe7 14. Ne5! Ng6 ( 14. ... O-O 15. Nc4! {Black has problems 
with the queen in connection with the threat of 16.Rab1.} ) 15. Bxg6!? ( 
15. f4!? ) 15. ... hxg6 16. Qf3 O-O 17. h4 { The white e5-knight is 
obviously stronger than the black bishop, which contributes to White's 
attack on the kingside. } 17. ... Qa5 18. h5! gxh5 19. Rac1! g6 ( 19. ... 
h4 20. Qh5 {followed by f2-f4, Rf1-f3-h3â€š} ) 20. g4! hxg4? ( 20. ... Qd8
{ is losing} 21. gxh5 Qg5+ 22. Kh2 Qxh5+ 23. Qxh5 gxh5 24. Rg1+ Kh7 25. 
Rg5 Kh6 26. Rcg1 {Rg7 +-} ) ( 20. ... Qd5 {would have been more stubborn} 
21. Qf4 hxg4 22. Nxg4 {with attack for White (L. Polugaevsky).} ) 21. Qxg4
Kg7 22. Kg2! Qd5+ ( 22. ... Bd7 23. Rh1 Rh8 24. Qf3 ) 23. f3 Bd7 24. Rh1 
Rh8 25. Qf4 f6 26. Ng4 Raf8 ( 26. ... Qg5 27. Qd6! Be8 28. Rxh8 Kxh8 29. 
Qf8+ ) ( 26. ... f5 27. Ne5 ) 27. Rxh8 g5! 28. Rh7+! ( 28. Qxf6+ Rxf6 29. 
Rh7+ Kg6 30. Rh6+ Kg7 ) 28. ... Kxh7 29. Qh2+ Kg8 30. Qh6 Kf7 ( 30. ... 
Qf5 31. e4 ) 31. Nxf6 Qd6 ( 31. ... Qxa2+ 32. Kg3 ) 32. Rh1 +- Ke7 33. 
Qxg5 Kd8 34. Nxd7+ ( 34. Rh7 Rxf6 35. Qxf6+ ) 34. ... Kxd7 35. Rh7+ Kc8 
36. Qg7 Kd8 37. Qxb7 Rg8+ 38. Kf1 Rg1+ 39. Ke2 Rg2+ 40. Kd1 Rg1+ 41. Kc2 
Rg2+ 42. Kd3 1-0

[Event "Cheliabinsk"]
[Site "Chelyabinsk RUS"]
[Date "1992.??.??"]
[Round "1"]
[White "Magerramov, Elmar"]
[Black "Shcherbakov, Ruslan"]
[Result "0-1"]
[WhiteElo "2565"]
[BlackElo "2495"]
[EventDate "1992.??.??"]
[PlyCount "91"]

1. d4 d5 2. c4 c6 3. Nf3 Nf6 4. Nc3 e6 5. Bg5 Nbd7 6. e3 Qa5 7. cxd5 Nxd5 
8. Qd2 N7b6 9. Bd3 Nxc3 10. bxc3 Na4!? {this is yet another modification 
of winning the white c3-pawn. } 11. O-O Qxc3 12. Qe2 Qb2 13. Bc2 Qb5 14. 
Qd1 {The black queen and knight have been chasing the white queen; at 
last, it manages to hide. } ( 14. Bd3 Qb2 ) 14. ... Nc3 15. Qd2 Bb4 ( 
15. ... Ne2+ {also occurred} ) ( 15. ... Ne2+ 16. Kh1 Bb4 17. a4! Bxd2 ( 
17. ... Qc4 18. Bd3 Bxd2 19. Bxc4 +- ) 18. axb5 Bc3 19. Ra2 ( 19. Rab1 h6 
20. bxc6 bxc6 21. Be4 Bd7 {and now White has apparently forgotten about 
the possibility of Black's queenside castling: } 22. Ne5? ( 22. Bh4! ) 
22. ... hxg5 23. Rb7 O-O-O!! 24. Rfb1 Rxh2+ {0-1, Gauglitz Gernot (GER) 
2465 - Cvetkovic Srdjan (SCG) 2436, Balatonbereny (Hungary) 1987} ) ( 19. 
Ra3?! cxb5! 20. Bd3 b4 ) 19. ... Bd7 20. Bd3 h6 21. Bh4 g5 22. Bxe2 gxh4 
23. Rc1 Bb4 24. Ne5 Bd6 25. Nxd7 Kxd7 26. bxc6+ bxc6 27. Bf3 Rhc8 28. Ra6 
Kd8 29. g3 h3 30. Bg4 Rc7 {1-0(61) Gerstner, Wolfgang (2365) - Jirovsky, 
Milos (2455) / BL2-S 9899 (7.2), GER 1999} ) 16. Bd3 Qa4 ( 16. ... Qa5? 
17. a3 Bxa3 18. Rfc1 Bxc1 19. Rxc1 ) 17. a3 Ba5 18. Qb2 {For the 
sacrificed pawn White obtains the threatening initiative thanks to an 
advantage in development and awkward positioning of the black pieces stuck
on the queenside } 18. ... f6 19. Bh4 Nd5 ( 19. ... e5? 20. dxe5 fxe5 21. 
Rfc1! e4 22. Rxc3 exd3 23. Rc4!! Qxc4 24. Qxg7 { The variations here and 
later are provided by E. Magerramov} ) 20. Rfc1 {xQa4} 20. ... Bc7 21. Rc4
Qa5 22. Qc2 Bd6 23. e4! ( 23. Bxh7!? Ne7 ) 23. ... Nb6 ( 23. ... Nf4? 24. 
Bg3 ) 24. Rc3 Qh5 25. a4 Bb4 ( 25. ... Bxh2+?! 26. Kxh2 g5 27. a5 Nd7 28. 
d5 ) 26. Rb3 a5 27. Bg3 O-O ( 27. ... Qf7 28. Rxb4!? axb4 29. Bd6 {xKe8} )
28. Bc7 Nd7 29. Bc4 Re8 30. e5! Nf8 ( 30. ... f5 31. Bd6! Bxd6 32. exd6 
+/- ) 31. exf6 gxf6 32. Nd2! {White prepares fort the effective rook 
transfer to the kingside. } 32. ... Qf7 33. Rg3+ Ng6? ( 33. ... Kh8 34. 
Ne4!? Qxc7 35. Nxf6 Qf7 36. Nxe8 Ng6 37. Bd3 Qxe8 38. Bxg6 hxg6 39. Rxg6 )
34. Bd3! Kg7 ( 34. ... Bxd2 35. Qxd2 Qxc7 36. Bxg6 hxg6 37. Qh6! g5 38. 
Qxf6 Re7 39. Rxg5+ Rg7 40. Ra3 ) 35. Nf3 Rg8 36. Bxg6! hxg6 37. Ne5! fxe5 
38. Bxe5+ Kf8 39. Rf3 Qxf3 40. gxf3 Bd7 41. Qe4 Be8 42. Rb1 Ke7 43. Rxb4! 
axb4 44. d5! Rxa4 ( 44. ... exd5 45. Qxb4+ Kd8 ( 45. ... Ke6 46. Qd6+ Kf7 
47. Qf6# ) 46. Qxb7 ) 45. Qh4+ g5 46. d6+ 0-1

[Event "Candidates final"]
[Site "Vilnius LTU"]
[Date "1984.??.??"]
[Round "9"]
[White "Kasparov, Garry"]
[Black "Smyslov, Vasily"]
[Result "1-0"]
[WhiteElo "2710"]
[BlackElo "2600"]
[EventDate "1984.03.??"]

1. d4 d5 2. Nf3 Nf6 3. c4 c6 4. Nc3 e6 5. Bg5 Nbd7 6. e3 Qa5 7. cxd5 Nxd5 
8. Qd2 Bb4 {As distinct from the ramification with 8...N7b6, here Black 
goes for a faster development of the pieces. } 9. Rc1 e5?! {This 
continuation presuming an early manifestation of activity on Black's part 
has been actually put in question by this game. } ( 9. ... N7b6 ) 10. a3! 
( 10. dxe5?! Nc5 ) 10. ... Bd6 ( 10. ... Bxc3 11. bxc3 Qxa3 ( 11. ... e4 
12. c4! +/- ) 12. e4 Nc7 ( 12. ... N5b6 13. Bd3 N ) 13. Bd3 {White obtains
strong initiative for the pawn} ) 11. dxe5 ( {Black's position is reliable
after} 11. Nxd5 Qxd2+ 12. Kxd2 cxd5 13. dxe5 ( 13. Bb5 f6 ) 13. ... Nxe5 
14. Nxe5 Bxe5 15. Bb5+ Bd7 16. Rc5 Bxb5 17. Rxb5 f6! 18. Bh4 ( 18. Rxd5 
Bxb2 ) 18. ... O-O-O = ) 11. ... Nxe5 12. Nxe5 Bxe5 13. b4 Bxc3 ( 13. ... 
Qxa3? 14. Nxd5 cxd5 15. Bb5+ Kf8 16. O-O Be6 17. f4 Bd6 18. f5 Bxb4 19. 
Qf2 +- ) 14. Qxc3! {White steers play into an endgame better for him. } ( 
14. Rxc3 Qb6 ( 14. ... Nxb4 15. e4 ( 15. Rc5? Nd3+! ) 15. ... Na6 ( 
15. ... Na2? 16. Rc2 Qxd2+ 17. Kxd2 Be6 18. Bc4 +- ) ( 15. ... f6 16. Bxf6
gxf6 17. axb4 Qxb4 18. Bc4 â†‘ Qb1+? 19. Rc1 Qxe4+ 20. Kd1! +- ) 16. Bxa6 
bxa6 17. Rxc6 ( 17. O-O h6! ( 17. ... O-O? 18. Bf6! ) 18. Qd6? hxg5 19. 
Qxc6+ Ke7 20. Rc5 ( 20. e5 Rh6 ) 20. ... Qb6 ) 17. ... Qxd2+ 18. Kxd2 +/- 
) 15. Rc1 h6 16. Bh4 Bf5 {+/=/+/-} ) 14. ... Nxc3 15. bxa5 Ne4 16. Bf4 +/-
{"the advantages of White's position are obvious: the two bishops, a pawn 
advantage in the center and also the white doubled pawns on the a-file 
present rather an advantage than a drawback. Thanks to this pawn 
deployment White can start a frontal attack on the black b7-pawn, which is
utterly unpleasant for Black since the b8-square is controlled by the 
white f4-bishop" - G. Kasparov. } 16. ... O-O D {Díky dvojici stÅ™elcÅ¯ v 
otevÅ™ené pozici bílý má velkou pÅ™evahu. Plán realizace, v principou, 
standardní - omezení sféry pÅ¯sobnosti nepÅ™átel. figur a vyuÅ¾ití 
pÄ›Å¡cové vÄ›tÅ¡iny na královském kÅ™ídle.} 17. f3! ( 17. a6?! b6 18. Rxc6
Nc5 {s protihrou Ä�erného.} ) 17. ... Nf6 18. e4 { Such deployment of the 
white pawns in the center restricts Black's minor pieces as much as 
possible. } 18. ... Re8 ( 18. ... Bd7 {/\ b6} 19. Kf2 b6 20. Ba6! Bc8 ( 
20. ... c5 21. Bb7 Rad8 22. Bc7 Rde8 23. Bd6 ) 21. Be2 Bd7 ( 21. ... c5 
22. Bc7 Nd7 23. Rhd1 {Zugzwang} ) 22. Rhd1 b5 23. Bg5 +/- ) 19. Kf2 a6 {a 
nyní 20.a6 jiÅ¾ hrozilo.  Now the weakness of the black b7-pawn is fixed 
and in the future the white king will be able to invade via the weakened 
b6-square. } ( 19. ... Be6 20. a6 ) ( 19. ... Bd7 20. Rb1 b6 21. Ba6! Bc8 
22. Be2 Bd7 23. Rhd1 ) 20. Be2 +/- ( 20. Rb1 Re7 21. Bd6 Rxe4! {+/-/+/=} )
20. ... Be6 D 21. Rb1! Re7 22. Rhd1 Rae8 23. Rb2! Bc8 24. Rbd2 Rd7 25. 
Rxd7 Nxd7 D 26. g4! {zaÄ�íná získávat prostor.} 26. ... Nc5?! ( 26. ... h6
{>=} ) 27. Be3 Nd7? ( 27. ... Ne6?! 28. f4 Rd8 29. f5 Rxd1 30. Bxd1 Nc7 
31. a4! Ne8 32. Bb3 Nf6 33. Kf3 Nd7 34. Kf4 Kf8 35. e5 +/- ) ( 27. ... Nb3
!? 28. Bb6 c5 29. Bc4 Be6 30. Bxe6 fxe6 31. Rd7 Rc8 {pÅ™ítommnost silného 
volného pÄ›Å¡ce dovoluje Ä�ernému bojovat o remízu. } 32. Bc7 c4 33. Be5 
c3 34. Rxg7+ Kf8 35. Rxh7 Rc6 36. Rxb7 c2 37. Bb2 c1=Q 38. Bxc1 Nxc1 ) 28.
 g5! {Ä�erným figurám nelze dýchat.} 28. ... Ne5 ( 28. ... Re5? 29. f4! 
Rxe4? 30. Bg4 Re7 31. Bc5 +- ) 29. Bd4! ( 29. Kg3? Be6 {/\ 30....Nc4, 
30.... Bc4} ) 29. ... Ng6 30. Kg3 Nf8 31. h4 Rd8 32. f4 Be6 33. Bc3! ( 33.
 f5 Bb3 34. Rd2 c5! 35. Bc3 Rxd2 36. Bxd2 Nd7 37. Kf4 f6! ) 33. ... Rxd1 
34. Bxd1 Nd7 ( 34. ... g6 35. Bc2 ) 35. f5 Bc4 36. h5! h6 ( 36. ... f6 37.
 h6 +- Nc5 38. Bf3 Bd3 39. Kf4 fxg5+ 40. Ke3! gxh6 41. Bd4 ) 37. gxh6 {>< 
h6} 37. ... gxh6 {Nyní má Ä�erný jeÅ¡tÄ› slabinu na h6} 38. e5 Nc5 39. Kf4
Bd5 40. Bc2 f6?! 41. e6 Kg7 42. Bb4 ( 42. Bd4 Nb3 43. e7 Kf7 44. Bxf6 ) 
42. ... Nb3 43. Ke3 c5 ( 43. ... Bc4 44. Bc3 Bd5 45. Be4! Bc4 ( 45. ... 
Nc5 46. Bxd5 cxd5 47. Kd4 Ne4 48. Bb4 Ng3 49. Kxd5 Nxf5 50. Kc5 Ng3 51. 
Kb6 Nxh5 52. Kxb7 Nf4 53. Kxa6 Nxe6 54. Kb6 ) 46. Bf3 Nc1 ( 46. ... Bb5 
47. Be2! ) 47. e7 Bf7 48. Bd1 {Zugzwang} ) 44. Bc3 Kf8 {Abgabezug} ( 
44. ... Nc1 45. Ba4 +- ) ( 44. ... c4 45. Be4 Bc6 46. Bxc6 bxc6 47. Ke4 +-
) ( 44. ... Kf8 45. Be4 ( 45. Bxb3 Bxb3 46. Bxf6 +- ) 45. ... Bxe4 46. 
Kxe4 Ke7 47. Kd3 Nc1+ 48. Kd2 Nb3+ 49. Kc2 c4 50. a4 {zugzwang} ) 1-0

[Event "Candidates final"]
[Site "Vilnius LTU"]
[Date "1984.??.??"]
[Round "3"]
[White "Kasparov, Garry"]
[Black "Smyslov, Vasily"]
[Result "1-0"]
[WhiteElo "2710"]
[BlackElo "2600"]
[EventDate "1984.03.??"]

1. d4 d5 2. Nf3 Nf6 3. c4 c6 4. Nc3 e6 5. Bg5 Nbd7 6. e3 Qa5 7. cxd5 Nxd5 
8. Qd2 Bb4 9. Rc1 O-O 10. Bd3 ( 10. e4 Nxc3 11. bxc3 Ba3 12. Rb1 e5 13. 
Bd3 exd4 14. cxd4 Qxd2+ 15. Nxd2 { leads to an endgame slightly better for
White. } 15. ... Nb6 {is possible} 16. Nc4 Nxc4 17. Bxc4 h6 18. Be3 Re8 
19. f3 b6 20. Kf2 Bb7 21. g4 Bf8 22. h4 g6 {with a quite reliable position
for Black} 23. Rhd1 Kg7 24. Bd3 Be7 25. Kg3 Rad8 {1/2-1/2(40) Kan, Ilya A 
(2480) - Levenfish, Grigory (2564) / Leningrad (?), Leningrad RUS 1934} ) 
10. ... e5! {Black liberates his play by this thematic breakthrough, } ( 
10. ... h6! 11. Bh4 e5 12. O-O Re8! ( {a straightforward continuation} 
12. ... exd4 13. exd4 Re8 14. Rfe1 {would have made planning play easier 
for White} ) 13. Qc2 ( 13. e4 Nf4 14. Bc4 Ng6 15. a3 Nxh4 16. Nxh4 Be7 17.
 Nf5 Bf8 18. b4 Qd8 19. Qa2 Qf6 20. d5 Nb6 21. Ne3 Qg6 {0-1, Alekhine 
Alexander A (RUS) - Bogoljubow Efim D (UKR), Germany/Netherlands 1929} ) 
13. ... exd4 14. exd4 N7b6 ( 14. ... Nf4 15. Bh7+ Kh8 16. Rfe1 Rxe1+ 17. 
Rxe1 g6 18. Qe4! ) 15. Ne5 Be6 16. Bh7+ ( 16. Rfe1 ) ( 16. Ne4!? ) 16. ...
 Kh8 17. Bf5 Kg8 18. Bh7+ Kh8 19. Bf5 {1/2-1/2, Piket Jeroen 2590 - 
Ivanchuk Vassily 2705, Monte Carlo 1993 It "Melody Amber" (blindfold)} ) 
11. O-O {White accepts the position with an isolated pawn in the center, 
in which the more aggressive deployment of his pieces may become 
perceptible. } 11. ... exd4 12. exd4 f6 ( {A natural deployment of pieces 
for Black by} 12. ... N7f6 13. Rfe1 Be6 {would have met a strong objection
} ( 13. ... h6 14. Bxh6! +/- ) 14. a3! {and Black cannot play } 14. ... 
Bd6 {due to} 15. Nxd5! ) 13. Bh4 Rd8 {Black vacates the f8-square for the 
knight, which fortifies his kingside. } 14. a3! {White forces a beneficial
for him transformation of the pawn chain. } ( 14. Qc2 Nf8 15. Nxd5 cxd5 
16. Bg3 Bd6 ) 14. ... Bxc3 ( {White obtains the advantage after} 14. ... 
Bd6 15. Nxd5 Qxd2 16. Nxf6+ Nxf6 17. Nxd2 Bf8 18. Rcd1 Rxd4 19. Nf3 ) 15. 
bxc3 Nf8 ( 15. ... Qxa3 16. c4 ) 16. Bg3 Be6 17. Rfe1 Bf7 18. c4! ( {In 
the case of} 18. Qb2 {Black might have executed a standard fixing move } 
18. ... b5! ) 18. ... Qxd2 19. Nxd2 Nb6 20. Nb3 { In the endgame White's 
chances are preferable thanks to the two bishops' advantage. } 20. ... Na4
( {Attacking White's center by means of} 20. ... Ne6 {would have failed to
} 21. c5! Nxd4 ( 21. ... Nd5 22. Na5 +/- ) 22. Nxd4 Rxd4 23. Rcd1 Rad8 24.
 Bc7 Rxd3 ( 24. ... R8d7? 25. cxb6 axb6 ( 25. ... Rxd3 26. bxa7 ) 26. Bc2 
Rxd1 27. Rxd1 Rxc7 28. Rd8+ ) 25. Bxd8 ) 21. Bf1 Rd7?! ( {Black should 
have played} 21. ... b6! ) 22. Na5! {This is a standard technique - the 
white knight on a5 paralyzes Black's queenside. } 22. ... Ne6 ( 22. ... 
Rxd4 { would have been in White's favor, } 23. Nxb7 {and the white knight 
is heading for the d6-square} ) 23. d5! Nd4 ( 23. ... cxd5 24. cxd5 Rxd5 
25. Nxb7 +/- ) 24. dxc6 Nxc6 25. Nxc6 bxc6 26. c5! {this fixes White's 
advantage. Beside the couple of active bishops in an open position White 
obtains an outpost on d6 and the black a4-knight is offside. } 26. ... Re8
27. Rxe8+ Bxe8 28. Bd6 Bf7 29. Rb1 Bd5 ( 29. ... h5 ) 30. Rb8+ Kf7 31. 
Rf8+ {Suddenly the black king finds itself in a mating net. } 31. ... Ke6 
( 31. ... Kg6 32. Bd3+ Kh6 33. Bf4+ Kh5 34. Bf5 Rf7 35. g4+ Kh4 36. Bg3+ 
Kg5 37. h4+ Kh6 38. Rg8! g5 39. Bd6 Rg7 40. Rf8 Bf7 41. Be7 ) 32. g3 ( 32.
 Ba6! Rxd6 33. cxd6 Kxd6 34. Ra8 Kc7 35. Rxa7+ Kb6 36. Ra8 c5 37. Rd8 ) 
32. ... g6 ( 32. ... Be4 33. f3! ) ( 32. ... f5!? 33. Ba6 Rf7 34. Re8+ Kf6
35. Be5+ Kg6 36. Bd4 ) 33. Ba6 Rxd6 34. cxd6 Kxd6 35. Rxf6+ Ke5 36. Rf8 c5
37. Re8+ Kd4 38. Rd8 Ke5 39. f4+ Ke4 40. Bf1 Bb3 41. Kf2 Nb2 1-0